| 000 | 01221cam a22002891i 4500 | ||
|---|---|---|---|
| 003 | SA-RiAUC | ||
| 005 | 20250824040202.0 | ||
| 008 | 250815s2008 ae g b f000 pdara c | ||
| 020 | _a9789961795378 | ||
| 040 |
_aSA-JeALM _bara _cSA-RiAUC. _erda |
||
| 072 | 7 | _aMAI | |
| 082 | 0 | 4 |
_a811.062 _qSA-RiAUC |
| 090 |
_a811.062 _bب و ص |
||
| 100 | 1 |
_aالبوصيري، محمد بن سعيد بن حماد، _d608-696 هجري _eمؤلف. |
|
| 245 | 1 | 0 |
_aقصيدة البردة / _cمحمد بن سعيد بن حماد البوصيري ؛ إعداد محمد بن عبدالرحيم ملاه. |
| 264 | 1 | _c2008 | |
| 300 |
_a186 صفحة ؛ _c25 سم |
||
| 336 |
_aنص _btxt _2rdacontent _3كتاب |
||
| 337 |
_aبدون وسيط _bn _2rdamedia |
||
| 338 |
_aمجلد _bnc _2rdacarrier |
||
| 600 | 0 | 7 |
_aمحمد (صلى الله عليه وسلم)، _d53 قبل الهجرة-11 هجري _vشعر _2aucnm |
| 650 | 7 |
_aالشعر العربي الديني _yالعصر المملوكي _2aucsh |
|
| 650 | 7 |
_aالمدائح النبوية _yالعصر المملوكي _2aucsh |
|
| 700 | 1 |
_aملاه، محمد بن عبدالرحيم، _eإعداد. |
|
| 942 |
_2ddc _cBOOK _n0 |
||
| 949 |
_aSA-JeALM _d250815 _umohamedma123 _n1 |
||
| 999 |
_c11051 _d11051 |
||